| 000 | 00604pam a2200193 a 4500 | ||
|---|---|---|---|
| 020 | _a007057569X (acidfree paper) : | ||
| 040 | _cDLC | ||
| 082 | 0 | 0 | _a581 HIL 1995 A061 Or. |
| 100 | 1 | _aSimpson, Beryl Brintnall. | |
| 245 | 1 | 0 |
_aEconomic botany : _bplants in our world / |
| 250 | _a2nd ed. | ||
| 260 |
_aNew York : _bMcGraw-Hill, _cc1995. |
||
| 300 |
_aix, 742 p., [16] p. of plates : _bill. (some col.), map ; _c27 cm. |
||
| 650 | 0 | _aBotany, Economic | |
| 650 | 0 | _aBotany, Economic. | |
| 700 | 2 | _aConner-Ogorzaly, Molly. | |
| 856 | 4 | 1 | _uhttp://www.loc.gov/catdir/toc/mh022/94033150.html |
| 942 | _cEK | ||
| 999 |
_c14889 _d14889 |
||